[Event "North County CC op 193rd"]
[Site "San Diego"]
[Date "2005.05.13"]
[Round "5"]
[White "Markowski, Alina"]
[Black "Hall, Maitland"]
[Result "1-0"]
[WhiteElo "1504"]
[BlackElo "1150"]
[PlyCount "65"]
[EventDate "2005.04.15"]
[EventType "swiss"]
[EventRounds "5"]
[EventCountry "USA"]
[SourceTitle "EXT 2009"]
[Source "ChessBase"]
[SourceDate "2008.11.26"]
[SourceVersion "1"]
[SourceVersionDate "2008.11.26"]
[SourceQuality "1"]

1. e4 e5 2. Nf3 Nc6 3. Bb5 a6 4. Ba4 Nf6 5. 0-0 Nxe4 6. d4 b5 7. Bb3 Bb7 8. d5 Na5 9. Re1 Nxb3 10. axb3 Nf6 11. Rxe5+ Be7 12. d6 cxd6 13. Qxd6 0-0 14. Rxe7 Rc8 15. Bg5 Rc6 16. Qe5 Re6 17. Rxe6 dxe6 18. Nbd2 Qe7 19. Bxf6 gxf6 20. Qe3 Kh8 21. c4 Rg8 22. c5 Qf8 23. Rc1 Qg7 24. g3 f5 25. c6 Ba8 26. Qd4 f6 27. Qd7 Qh6 28. Qxe6 f4 29. Ne4 fxg3 30. Qxf6+ Rg7 31. Qf8+ Rg8 32. Qxh6 gxf2+ 33. Kxf2 1-0

[Event "North County CC op 190th"]
[Site "San Diego"]
[Date "2005.01.21"]
[Round "5"]
[White "Hall, Maitland"]
[Black "Sullivan, Greg"]
[Result "0-1"]
[WhiteElo "1181"]
[BlackElo "1814"]
[PlyCount "48"]
[EventDate "2004.12.10"]
[EventType "swiss"]
[EventRounds "5"]
[EventCountry "USA"]
[SourceTitle "EXT 2009"]
[Source "ChessBase"]
[SourceDate "2008.11.26"]
[SourceVersion "1"]
[SourceVersionDate "2008.11.26"]
[SourceQuality "1"]

1. e4 c5 2. Nf3 d6 3. d4 cxd4 4. Nxd4 Nf6 5. Nc3 g6 6. Be2 Nc6 7. Nf3 Bg7 8. 0-0 0-0 9. Bg5 a6 10. Qd2 b5 11. a3 Bb7 12. Rab1 Rc8 13. Be3 Re8 14. b3 Qc7 15. Bd3 e6 16. b4 Ne7 17. Rb3 Ng4 18. Bd4 e5 19. Nxb5 axb5 20. Bb2 Bc6 21. Rc3 Qb7 22. h3 Nf6 23. Re1 Nxe4 24. Rxc6 Nxd2 0-1